[Event "HokkaidoChessCh2023"]
[Site "?"]
[Date "2023.03.25"]
[Round "1.1"]
[White "Sugimoto, Koichi"]
[Black "Matsumoto, Kenshin"]
[Result "1-0"]
[WhiteElo "1959"]
[BlackElo "1413"]
[Annotator "Fritz 11 SE (30s)"]
[PlyCount "37"]
[SourceDate "2023.03.26"]

{D66: Queen's Gambit Declined: Classical: Main Line (7 Rc1 c6 8 Bd3)} 1. d4 d5
2. c4 e6 3. Nf3 Nf6 4. Bg5 Be7 5. Nc3 Nbd7 6. e3 O-O 7. Rc1 c6 8. Bd3 c5 $146 (
8... Ne8 9. Bf4 (9. Bxe7 Qxe7 10. O-O f5 11. Qb3 Kh8 12. Ne5 Nef6 13. Nxd7 Qxd7
14. Qa3 Qf7 15. f3 Rg8 16. e4 f4 17. Qd6 g5 18. Rfe1 Nh5 19. exd5 g4 20. Qe5+
Nf6 21. Ne4 gxf3 22. Qxf6+ Qxf6 23. Nxf6 Rxg2+ {Antonsen,M (2380)-Flindt,T 
(2175) Esbjerg 2006 1-0}) 9... dxc4 (9... f5 10. h3 Nd6 11. Qb3 Kh8 12. g4 Qe8
13. cxd5 exd5 14. g5 Ne4 15. h4 Bd6 16. Ne2 Bxf4 17. Nxf4 Ng3 18. Rg1 Nh5 19.
Kd2 Nxf4 20. exf4 Qd8 21. Qb4 Nb6 22. Rce1 Nc4+ 23. Bxc4 dxc4 24. Re7 {Bareev,
E (2590)-Dovzik,J (2410) Dortmund 1990 1-0 (42)}) 10. Bxc4 Bd6 11. Bg3 Qc7 12.
Bd3 Nef6 13. Nd2 Bxg3 14. hxg3 e5 15. d5 h6 16. Bb1 Rd8 17. O-O Nb6 18. dxc6
Nc4 19. Nb5 Qxc6 20. Nxa7 Rxa7 21. Rxc4 Qd6 22. Rc1 Be6 23. Nc4 {Garcia
Gonzales,G (2535)-Radulov,I (2490) Buenos Aires 1978 0-1 (56)}) (8... h6 9.
Bxf6 Nxf6 10. c5 b6 11. Ne5 bxc5 12. Nxc6 Qd6 13. Nxe7+ Qxe7 14. dxc5 Qxc5 15.
O-O Qb4 16. Qe2 Rb8 17. b3 e5 18. e4 d4 19. Na4 Bd7 20. Nb2 Bb5 21. Nc4 Qe7 22.
f4 Bxc4 23. Rxc4 {Peist,J (2350)-Federau,J (2300) Germany 1988 0-1 (63)}) 9.
cxd5 exd5 10. O-O a6 {Consolidates b5} 11. Ne5 cxd4 (11... c4 $5 {deserves
consideration} 12. Be2 Nb6 $14) 12. exd4 $16 Nxe5 (12... Re8 13. Re1 $16) 13.
dxe5 $18 Nd7 $2 (13... Ng4 $142 14. Bf4 d4 $18) 14. Bxe7 Qxe7 15. Nxd5 Qxe5 16.
Re1 Qxb2 (16... Qg5 {no good, but what else?} 17. f4 Qh6 (17... Qxd5 $4 {
the knight is invulnerable} 18. Bxh7+ Kxh7 19. Qxd5 $18) 18. Ne7+ Kh8 19. Nxc8
Raxc8 20. Rxc8 Qb6+ 21. Kh1 Rxc8 $18) 17. Bxh7+ $1 {Mate attack} Kh8 (17...
Kxh7 18. Qh5+ {Mate attack}) 18. Qh5 (18. Rb1 $142 {and White has prevailed}
Qe5 19. Rxe5 Nxe5 $18) 18... Nf6 (18... Qd2 {there is nothing else anyway} 19.
f4 Nf6 20. Nxf6 Qd4+ 21. Kh1 Qxf4 22. Be4+ Qh6 $18) 19. Nxf6 (19. Nxf6 Qd2 20.
Bd3+ Qh6 21. Rc5 $18) 1-0

[Event "HokkaidoChessCh2023"]
[Site "?"]
[Date "2023.03.25"]
[Round "1.2"]
[White "Nakamura, Mitsuru"]
[Black "Akai, Kiyotaka"]
[Result "0-1"]
[WhiteElo "1413"]
[BlackElo "1705"]
[Annotator "Fritz 11 SE (30s)"]
[PlyCount "82"]
[SourceDate "2023.03.26"]

{C80: Open Ruy Lopez: Sidelines and 9 Nbd2} 1. e4 e5 2. Nf3 Nc6 3. Bb5 a6 4.
Ba4 Nf6 5. O-O Nxe4 6. d4 b5 7. Bb3 d5 8. Nxe5 Nxe5 9. dxe5 Be6 10. Nd2 (10. c3
Bc5 11. Nd2 O-O 12. Nf3 f5 13. Nd4 Bxd4 14. Qxd4 c5 15. Qd1 f4 16. f3 Ng5 17.
a4 c4 18. Bc2 Bf5 19. b3 Bxc2 20. Qxc2 d4 21. axb5 d3 22. Qa2 axb5 23. Qxa8
Qxa8 24. Rxa8 Rxa8 {Ehlvest,J (2600)-Mamedyarov,S (2542) Kocaeli 2002 0-1 (33)}
) 10... Nxd2 11. Bxd2 c5 $146 (11... Bc5 12. Qf3 O-O 13. Be3 Bxe3 14. Qxe3 d4
15. Qe4 Bxb3 16. axb3 Qd7 17. b4 Rfd8 18. Ra3 Qe7 19. Rh3 h6 20. Rg3 Qxb4 21.
Qf4 Qe7 22. Qxh6 Qxe5 23. Qh4 Rd6 24. Rg5 Qf6 25. Qg3 Re8 26. Rg4 {Mrvova,A 
(2201)-Kantorik,M (2364) Tatranske Zruby 2009 0-1 (53)}) (11... Bc5 12. a3 $11)
12. c3 $14 Be7 {[%cal Yd5d4] Black intends d4} 13. Qf3 O-O 14. Rad1 d4 {
Black gains space} (14... Ra7 15. Qg3 Bh4 16. Qf4 $11) 15. Bxe6 (15. Be3 $5 $16
) 15... fxe6 $11 16. Qe4 (16. Qg4 Qd5 17. Bh6 Rf7 18. cxd4 cxd4 (18... Qxa2
$143 19. d5 Bf8 20. dxe6 $16) 19. Rxd4 Qxe5 $11) 16... d3 {Black has a new
passed pawn: d3} 17. Qc6 Qd5 18. Qxd5 exd5 {White has a new passed pawn: e5.
Black has new doubled pawns: d3+d5} 19. Be3 c4 {Black has a new protected
passed pawn: d3} 20. Bd4 {A sound move} (20. f4 a5 $11) 20... Kf7 $15 21. f4 {
White has a new protected passed pawn: e5} Ke6 22. g4 g6 23. Kg2 Rf7 24. Rf3
Raf8 25. Be3 b4 26. Kf2 bxc3 27. bxc3 Rb8 28. Kg3 h5 29. gxh5 gxh5 30. h4 $4 {
causes further problems for White.} (30. Rff1 $142 $17) 30... Kf5 31. Kh3 Rg7
32. Rg3 Rxg3+ 33. Kxg3 Rg8+ 34. Kh3 Rg4 35. Rb1 (35. Bd2 $19 {is one last hope}
) 35... Rxh4+ 36. Kg3 Rg4+ {[%cal Yh5h4] Black prepares h4} 37. Kf3 h4 38. Rb7
(38. Rh1 Rg3+ 39. Kf2 Kg4 $19) 38... Rg3+ 39. Kf2 Ke4 40. Bd2 (40. Ba7 Rg7 41.
Rb1 $19) 40... Bc5+ 41. Kf1 (41. Be3 {a fruitless try to alter the course of
the game} Bxe3+ 42. Ke1 Rg1#) 41... Rg1# 0-1

[Event "HokkaidoChessCh2023"]
[Site "?"]
[Date "2023.03.25"]
[Round "1.3"]
[White "Kanda, Daigo"]
[Black "KiharaK, Kotaro"]
[Result "1-0"]
[WhiteElo "1705"]
[BlackElo "1351"]
[Annotator "Fritz 11 SE (30s)"]
[PlyCount "51"]
[SourceDate "2023.03.26"]

{A45: Trompowsky Attack} 1. d4 Nf6 2. Bf4 g6 3. e3 Bg7 4. h4 $146 (4. Be2 O-O
5. h3 c5 6. c3 Qb6 7. Qb3 Qxb3 8. axb3 cxd4 9. exd4 d6 10. Nd2 Nc6 11. Ngf3 e5
12. dxe5 Nd5 13. Bg3 dxe5 14. O-O Bf5 15. Nc4 e4 16. Nfe5 Nxe5 17. Nxe5 Be6 18.
Nc4 f5 {Jaeger,H (2210)-Wendel,S (2220) Hessen 1998 0-1 (57)}) (4. h3 O-O (4...
d6 5. c3 O-O 6. Bh2 Nbd7 7. Nf3 e6 8. Bd3 Qe7 9. O-O e5 10. Be2 e4 11. Nfd2 h5
12. c4 Re8 13. Nc3 Nf8 14. Rc1 c6 15. b4 Bf5 16. Nb3 Qd7 17. d5 Rad8 18. dxc6
bxc6 19. c5 {Rusev,K (2541)-Berg,E (2558) Vaxjo 2015 1-0 (44)}) (4... b6 5. Nf3
Bb7 6. Bd3 O-O 7. O-O c5 8. Nbd2 d5 9. c3 Nc6 10. Qe2 Nd7 11. Ba6 Qc8 12. Bxb7
Qxb7 13. Rfd1 Rfe8 14. Qb5 a6 15. Qb3 e6 16. a4 Rad8 17. Bg5 f6 18. Bh4 Kh8 19.
e4 {Nureev,G (2340)-Aranovitch,E (2375) ICC INT 2009 1-0 (51)}) 5. c3 d5 6. Nd2
Nbd7 7. Ngf3 b6 8. a4 a5 9. Be2 Bb7 10. O-O Ne4 11. Rc1 Rc8 12. b4 Ra8 13. b5
Re8 14. c4 e5 15. dxe5 Nxe5 16. cxd5 Nxf3+ 17. Bxf3 Nc3 18. Rxc3 Bxc3 {Kamsky,
G (2721)-Mamedyarov,S (2757) Beijing 2013 0-1 (67)}) (4. Nd2 d6 5. h3 O-O 6.
Bh2 c5 7. c3 Nc6 8. Ngf3 cxd4 9. exd4 e5 10. dxe5 dxe5 11. Nc4 Nd5 12. Be2 e4
13. Nfd2 e3 14. Nxe3 Nxe3 15. fxe3 Qh4+ 16. Kf1 Qe7 17. Nf3 Qxe3 18. Qd3 Bh6 {
Pirs,M (2330)-Heiling,T (2215) Hessen 2000 0-1 (43)}) 4... d5 5. Be2 h5 (5...
c5 6. Nc3 $11) 6. Nc3 c6 {Prevents intrusion on b5} 7. Nf3 Bf5 8. Ne5 Nbd7 9.
f3 {Controls e4} Bh6 10. Bxh6 Rxh6 11. Qd2 Rh7 12. O-O-O Nxe5 (12... Qc7 13.
Nxd7 Qxd7 14. b3 $11) 13. dxe5 $14 Nd7 14. e4 dxe4 15. fxe4 (15. g4 $142 hxg4
16. fxg4 $14) 15... Bg4 $4 {a transit from better to worse} (15... Be6 $142 $11
{and Black can hope to survive}) 16. Bxg4 $18 hxg4 17. e6 $1 {surprise!} Nc5 $4
{Black has lost his nerve... understandable when you consider his position} (
17... fxe6 18. Qg5 {Combination}) 18. exf7+ Rxf7 19. Qg5 Qc7 20. Qxc5 Rd8 21.
Rxd8+ Kxd8 22. Rd1+ Ke8 23. e5 b6 (23... Rf5 {doesn't change anything anymore}
24. Qxa7 Kf7 25. Kb1 $18) 24. Qd4 (24. Nb5 $142 {makes it even easier for White
} Qc8 25. Qc4 $18) 24... c5 (24... Rf5 {is the last straw} 25. Qxg4 Kf7 26. e6+
Kg7 $18) 25. Qd5 (25. Qxg4 $142 {nails it down} Qc6 26. e6 Rf6 $18) 25... Qc8
26. Ne4 (26. Ne4 Kf8 27. h5 $18) 1-0

[Event "HokkaidoChessCh2023"]
[Site "?"]
[Date "2023.03.25"]
[Round "1.4"]
[White "Al Jabarat, Thamer"]
[Black "Yoshii, Yukihiko"]
[Result "0-1"]
[WhiteElo "1309"]
[BlackElo "1699"]
[Annotator "Fritz 11 SE (30s)"]
[PlyCount "92"]
[SourceDate "2023.03.26"]

{D00: 1 d4 d5: Unusual lines} 1. d4 d5 2. e3 Nf6 3. Nc3 $146 (3. c3 Nbd7 (3...
g6 4. Bd3 (4. Be2 Bg7 5. h4 Nc6 6. Nd2 a6 7. b3 h5 8. Nh3 Bg4 9. Ng5 Bxe2 10.
Qxe2 Qd7 11. O-O Qg4 12. Qxg4 hxg4 13. g3 e5 14. Ba3 Bh6 15. f4 gxf3 16. Ndxf3
e4 17. Nh2 Bxg5 18. hxg5 Rxh2 {Depasquale,C (2300)-Garbett,P (2230) Sydney
1989 1-0}) 4... Bg7 5. h4 (5. Nd2 Nbd7 6. f4 c5 7. Ngf3 O-O 8. O-O b6 9. Qe1 a5
10. Ne5 Ba6 11. Bxa6 Rxa6 12. Qh4 b5 13. Rf3 Qc7 14. Rh3 b4 15. Nf1 Rb8 16. Bd2
Nf8 17. c4 dxc4 18. Rc1 c3 19. bxc3 b3 {Chelushkina,I (2265)-Todorovic,G (2488)
Belgrade 2013 1-0}) 5... Nbd7 6. Nf3 c5 7. Nbd2 Qc7 8. Qe2 O-O 9. b3 e5 10.
Nxe5 Nxe5 11. dxe5 Qxe5 12. Bb2 Bg4 13. f3 Rfe8 14. O-O-O Qxe3 15. Qxe3 Rxe3
16. Nf1 Rxd3 17. Rxd3 Bh6+ 18. Rd2 {Onkoud,A (2361)-Libiszewski,F (2413)
Chartres 2005 0-1 (56)}) 4. f4 Ne4 5. Nf3 e6 6. Bd3 Ndf6 7. O-O Be7 8. Na3 O-O
9. Nc2 c5 10. Nce1 c4 11. Bc2 b5 12. Ng5 Nxg5 13. fxg5 Ne4 14. Bxe4 dxe4 15. h4
Qc7 16. Qg4 Qc6 17. Nc2 a5 {Bird,H-Blackburne,J Belfast 1892 1/2-1/2 (42)}) (3.
Ne2 Bf5 4. Ng3 Bg6 5. h4 h6 6. Bd3 Bxd3 7. Qxd3 Nbd7 8. Nc3 c6 9. e4 e5 10.
exd5 exd4 11. dxc6 bxc6 12. Qxd4 Bc5 13. Qc4 O-O 14. Kf1 Rb8 15. a3 Re8 16. Bf4
Bxf2 17. Bxb8 Qxb8 {Nemety,L (2235)-Lamoureux,C (2430) Paris 1994 0-1}) 3... e6
4. Bd3 Be7 5. Nf3 h6 {Controls g5} (5... O-O 6. O-O $11) 6. Bd2 a6 {
Consolidates b5} 7. a3 {Covers b4} (7. e4 dxe4 8. Nxe4 Nc6 $14) 7... Nc6 8. h3
{Secures g4} Bd7 (8... O-O 9. Qe2 $11) 9. Qe2 b5 10. b4 (10. O-O O-O $16) 10...
O-O $11 11. O-O Bd6 12. e4 dxe4 13. Nxe4 Nxe4 (13... Re8 14. c4 bxc4 15. Bxc4
Nxe4 16. Qxe4 $14) 14. Bxe4 Rb8 15. Be3 {Black has a cramped position} (15. Bc3
Ne7 $14) 15... Ne7 (15... f5 16. Bd3 $11) 16. c3 c6 {Covers d5} (16... Bc6 17.
Bxc6 Nxc6 18. c4 $11) 17. Bc2 $16 Nd5 18. Bd2 Qc7 19. Rfe1 Rfe8 20. Qd3 f5 21.
Bb3 Nf6 $2 (21... a5 22. bxa5 Qxa5 23. a4 $16) 22. Nh4 $4 {White is ruining
his position} (22. Qxf5 $142 $1 {and White wins} Rf8 23. Bxe6+ Bxe6 24. Rxe6
$18) 22... Kh7 $16 23. f3 $4 {forfeits the advantage} (23. Re2 $142 $16) 23...
Bg3 {Black threatens to win material: Bg3xh4. Black forks: e1+h4} (23... Bh2+
$142 24. Kh1 Bg3 $19) 24. Bxe6 $4 (24. f4 $142 {was possible} Bxh4 25. g3 $15)
24... Bxh4 $19 (24... Rxe6 $6 {is clearly worse} 25. Qxf5+ Kg8 26. Rxe6 Bxh4
27. Re7 $11) (24... Bxe6 $6 25. Rxe6 Bxh4 26. Qxf5+ g6 27. Qe5 $19) 25. Bxf5+ (
25. Bxd7 {the last chance for counterplay} Qxd7 26. Rec1 $19) 25... Bxf5 26.
Qxf5+ g6 27. Qd3 Bxe1 28. Bxe1 Re6 29. Bh4 (29. c4 {doesn't improve anything}
Rbe8 30. Bf2 Nh5 31. cxb5 cxb5 $19) 29... Nd5 30. Qc2 (30. Bf2 {cannot change
what is in store for White} Rbe8 31. Qd1 Nxc3 $19) 30... Rbe8 31. Rf1 (31. Bf2
{doesn't get the bull off the ice} Re2 32. Qb1 Rd2 $19) 31... Re2 32. Qc1 (32.
Qb1 {a last effort to resist the inevitable} R8e3 33. Bf2 $19) 32... Nf4 33. g3
Nxh3+ 34. Kh1 Nf2+ 35. Kg1 Nd3 36. Qd1 (36. Rd1 {is no salvation} Nxc1 37. a4
g5 38. Kh1 gxh4 39. Rg1 hxg3 40. Rxc1 Qf4 41. Ra1 Qxf3+ 42. Kg1 Qg2#) 36...
R8e3 37. f4 (37. Qxd3 {doesn't get the cat off the tree} Rxd3 38. Re1 Rxe1+ 39.
Kh2 Rd2+ 40. Kh3 h5 41. c4 Rh1#) 37... Qd7 38. f5 g5 39. Rf3 (39. c4 {cannot
undo what has already been done} Qxd4 40. Rf2 gxh4 41. Rxe2 Rxe2+ 42. Kh1 Qe4+
43. Kg1 Qg2#) 39... Re1+ 40. Qxe1 (40. Kh2 {hardly improves anything} Rxd1 41.
Rxe3 Rd2+ 42. Kg1 Qd5 43. Re7+ Kg8 44. Re8+ Kf7 45. Re7+ Kxe7 46. Bxg5+ hxg5
47. f6+ Kxf6 48. c4 Qg2#) 40... Rxe1+ 41. Kg2 (41. Kh2 {does not save the day}
Qd5 42. g4 Qxf3 43. Bxe1 Nxe1 44. f6 Qg2#) 41... Qd5 42. g4 (42. Bxg5 {does
not win a prize} Re2+ 43. Kh3 Qxf3 44. Bd8 h5 45. Kh4 Qg4#) 42... gxh4 43. f6 (
43. c4 {does not help much} Re2+ 44. Kh3 Qxf3+ 45. Kxh4 Rh2#) 43... Re2+ 44.
Kg1 (44. Kh3 {doesn't do any good} Qxf3+ 45. Kxh4 Rh2#) 44... Qxf3 45. g5 Re1+
(45... Qg2#) 46. Kh2 Qh1# (46... Qg3#) 0-1

[Event "HokkaidoChessCh2023"]
[Site "?"]
[Date "2023.03.25"]
[Round "1.5"]
[White "Kawamura, Takuto"]
[Black "Ito, Katsuhide"]
[Result "1-0"]
[WhiteElo "1554"]
[BlackElo "1233"]
[Annotator "Fritz 11 SE (30s)"]
[PlyCount "71"]
[SourceDate "2023.03.26"]

{D08: Albin Counter Gambit} 1. d4 d5 2. c4 e5 3. dxe5 d4 4. Nf3 Nc6 5. Nbd2 Bb4
(5... Nge7 6. Nb3 Nf5 7. a3 Be7 8. g3 a5 9. Qd3 a4 10. Nbd2 h5 11. Bh3 g6 12.
Ne4 h4 13. Bf4 hxg3 14. hxg3 Ng7 15. Bg2 Rxh1+ 16. Bxh1 Bf5 17. Nfg5 Na5 18.
Qf3 Ne6 19. Nh7 Bxe4 20. Qxe4 {Sokolov,I (2685)-Morozevich,A (2741) Wijk aan
Zee 2005 0-1 (34)}) 6. a3 (6. g3 Be6 7. Qc2 Nge7 8. Bg2 Ng6 9. O-O Qd7 10. Nb3
Bf5 11. Qd1 d3 12. e3 Ngxe5 13. Nxe5 Nxe5 14. Bd2 Be7 15. Bc3 f6 16. Bxb7 Rb8
17. Bg2 O-O 18. Bd4 c6 19. Rc1 Rb4 20. f4 Nf7 {Ulibin,M (2515)-Pettersson,A 
(2258) Norrkoeping 2012 1-0 (44)}) 6... Bxd2+ 7. Bxd2 $146 (7. Qxd2 Bg4 8. Qg5
Qxg5 9. Nxg5 Nxe5 10. h3 Bd7 11. Nf3 Nxf3+ 12. exf3 O-O-O 13. Bd3 Re8+ 14. Kd2
Ne7 15. b4 Bf5 16. g4 Bxd3 17. Kxd3 Nc6 18. Bf4 f6 19. Rae1 Ne5+ 20. Bxe5 fxe5
21. h4 Rhf8 {Labin,S (2210)-Honfi,K (2390) Budapest 1995 0-1 (46)}) (7. Kxd2 $6
Nge7 $11) 7... Nge7 8. g3 (8. Qb3 O-O $16) 8... Ng6 {Black threatens to win
material: Ng6xe5} 9. Bg2 Ncxe5 (9... O-O 10. Bg5 Qd7 11. O-O $14) 10. O-O Nxf3+
11. Bxf3 O-O {Black castles and improves king safety} 12. Rc1 c5 (12... Re8 13.
c5 $11) 13. Qc2 Re8 14. Rcd1 Rb8 15. Rfe1 Ne5 16. Bg2 g6 17. Bf4 g5 18. Bxe5
Rxe5 19. Qd2 Bf5 (19... f6 20. Bd5+ Be6 21. Bxe6+ Rxe6 22. e3 $14) 20. e3 $16 {
White threatens to win material: e3xd4} Bg4 (20... Qf6 21. Bd5 $14) 21. exd4
Rxe1+ (21... Qxd4 $5 22. Qxd4 Rxe1+ 23. Rxe1 cxd4 $16) 22. Rxe1 $18 Qf6 (22...
cxd4 $142 23. h4 $1 {here's the full point} gxh4 $18) 23. Re5 h6 24. Rxc5 Re8
25. Re5 (25. Bxb7 $4 {a poisoned pawn} Re2 26. Qxe2 Bxe2 $19) 25... Re7 (25...
Rxe5 26. dxe5 Qxe5 27. Bxb7 $18) 26. Qe3 Be6 (26... Rxe5 {hoping against hope}
27. dxe5 Qf5 28. Bxb7 Qc2 $18) 27. d5 Kf8 (27... b6 {doesn't change the
outcome of the game} 28. b4 $18) 28. dxe6 Rxe6 (28... fxe6 {is not much help}
29. Bh3 $18) 29. Rxe6 Qxe6 (29... fxe6 {is not the saving move} 30. Qc5+ Kf7
31. Qc7+ Ke8 32. Qc8+ Qd8 33. Qxe6+ Qe7 34. Qg8+ Qf8 35. Qxf8+ Kxf8 36. Bxb7
$18) 30. Qxe6 fxe6 31. Bxb7 Ke7 32. Kf1 Kd6 33. Ke2 Kc5 (33... a5 {does not
solve anything} 34. Kd3 $18) 34. Kd3 Kb6 35. Bc8 Ka5 36. Bxe6 1-0

[Event "HokkaidoChessCh2023"]
[Site "?"]
[Date "2023.03.25"]
[Round "1.6"]
[White "Furuse, Mizuki"]
[Black "Takeuchi, Hiroshi"]
[Result "1-0"]
[WhiteElo "922"]
[BlackElo "1418"]
[Annotator "Fritz 11 SE (30s)"]
[PlyCount "43"]
[SourceDate "2023.03.26"]

{B07: Pirc Defence: Miscellaneous Systems} 1. e4 d6 2. d4 Nf6 3. Nc3 g6 4. h3
Bg7 5. Be3 O-O 6. Qd2 a6 (6... c6 7. a4 Qa5 8. Nf3 b5 9. Bd3 b4 10. Ne2 d5 11.
Ng3 dxe4 12. Nxe4 Nxe4 13. Bxe4 Ba6 14. Bh6 Rd8 15. Bxg7 Kxg7 16. Bd3 Bxd3 17.
Qxd3 c5 18. O-O cxd4 19. Nxd4 e5 20. Qe4 Qd5 21. Qxd5 {Pekarek,A (2475)
-Borkowski,F (2375) Odense 1991 0-1 (40)}) 7. Bh6 (7. O-O-O b5 8. f3 Nbd7 9. g4
e5 10. d5 Nc5 11. Nge2 b4 12. Nb1 a5 13. Ng3 Nfd7 14. h4 Nb6 15. h5 Qe7 16. Qh2
Bf6 17. Nd2 Re8 18. Bb5 Bd7 19. Bxd7 Ncxd7 20. g5 Bh8 21. Qe2 Reb8 {
Zakharchenko,A (2356)-Srebrnic,V (2254) Nova Gorica 2004 1-0 (44)}) 7... e5
$146 (7... b5 8. a3 Bb7 9. f3 Nbd7 10. Bxg7 Kxg7 11. g4 c5 12. h4 cxd4 13. Qxd4
Qb6 14. O-O-O Qxd4 15. Rxd4 Rac8 16. h5 Ne5 17. Be2 Rc5 18. Nh3 Rfc8 19. Nf2
Nfd7 20. f4 Nc4 21. Bxc4 Rxc4 22. h6+ {Peresada,A (2471)-Nikolov,S (2354)
Nerezine 2002 0-1 (39)}) 8. Bxg7 Kxg7 9. Nf3 exd4 10. Qxd4 {Black has a
cramped position} Nc6 {Black threatens to win material: Nc6xd4} 11. Qd2 (11.
Qe3 $5 $11 {must be considered}) 11... Re8 $17 12. Bd3 Nb4 (12... Bf5 $142 $1
$17) 13. O-O $11 Nxd3 14. cxd3 Bd7 15. Rfe1 Bc6 16. Rac1 Qd7 17. Qe3 h6 {
Prevents intrusion on g5} 18. d4 $4 {allows the opponent back into the game} (
18. Qd4 $142 $14) 18... Nxe4 $4 {Black has let it slip away} (18... Bxe4 $142
19. Nxe4 Rxe4 $17) 19. d5 $16 Bxd5 $4 {Black falls apart.} (19... Nf6 $142 20.
dxc6 Rxe3 21. cxd7 Rxe1+ 22. Nxe1 Rd8 $16) 20. Nxd5 $18 f5 (20... c5 {
otherwise it's curtains at once} 21. Nb6 Qd8 22. Nxa8 Qxa8 $18) 21. Rxc7 Qxc7
22. Nxc7 (22. Nxc7 Nf6 23. Nxe8+ Rxe8 24. Qb6 Rxe1+ 25. Nxe1 $18) 1-0

[Event "HokkaidoChessCh2023"]
[Site "?"]
[Date "2023.03.25"]
[Round "2.1"]
[White "Yoshii, Yukihiko"]
[Black "Sugimoto, Koichi"]
[Result "0-1"]
[WhiteElo "1699"]
[BlackElo "1959"]
[Annotator "Fritz 11 SE (30s)"]
[PlyCount "74"]
[SourceDate "2023.03.26"]

{A25: English Opening vs King's Indian with ...Nc6 but without early d3} 1. c4
e5 2. Nc3 Nc6 3. g3 Nf6 4. Bg2 Bb4 5. d3 O-O 6. e3 (6. Bd2 Re8 7. Nd5 Bxd2+ 8.
Qxd2 Nxd5 9. cxd5 Ne7 10. d4 d6 11. e3 c6 12. dxc6 bxc6 13. dxe5 dxe5 14. Qxd8
Rxd8 15. Nf3 f6 16. O-O Be6 17. Rfc1 a5 18. Bf1 Rab8 19. b3 Rb4 20. Be2 a4 {
Shurygin,S (2395)-Voloshin,L (2420) Frydek Mistek 1996 0-1 (57)}) (6. e4 a5 7.
Nge2 Nd4 8. O-O c6 9. Nxd4 exd4 10. Ne2 Bc5 11. Nf4 d6 12. b3 Bg4 13. Qc2 Nh5
14. Ne2 Be6 15. Bb2 Qb6 16. h3 g6 17. a3 Ng7 18. b4 axb4 19. axb4 Qxb4 20. Nxd4
Qb6 {Hirn,O (2218)-Osmanodja,F (2275) Nuremberg 2013 1-0 (70)}) 6... Re8 $146 (
6... d5 7. cxd5 Nxd5 8. Nge2 Bg4 9. Qc2 Qd7 10. O-O Bxc3 11. bxc3 Bxe2 12. Qxe2
Nxc3 13. Qc2 Nd5 14. Ba3 Rfd8 15. Rab1 Nb6 16. Rfd1 Rac8 17. Bxc6 bxc6 18. Rbc1
Qd5 19. Rd2 Qa5 20. Qc3 Qa6 21. Bb2 {Yaksin,O (2307)-Nyzhnyk,I (2428) Moscow
2008 1/2-1/2 (53)}) (6... d5 7. cxd5 Nxd5 8. Nge2 $15) 7. Nge2 $11 b6 (7... d5
$5 8. cxd5 Nxd5 $11) 8. a3 $14 Bf8 9. b4 Bb7 10. b5 {White threatens to win
material: b5xc6} (10. O-O $5 $11) 10... Na5 11. e4 h6 {Covers g5} 12. O-O Bc5
13. h3 {Secures g4} c6 14. a4 a6 15. Bd2 d6 16. bxc6 Nxc6 17. Nd5 Nxd5 18. cxd5
Nb4 {Black threatens to win material: Nb4xd3} (18... Nd4 $142 $11) 19. Qb3 (19.
Bc3 $142 $14 {and White can hope to live}) 19... a5 $17 20. Bxb4 (20. Nc3 Ba6
$17) 20... Bxb4 {Black has the pair of bishops} (20... axb4 21. Kh2 $17) 21.
Rac1 (21. Bf3 Bc8 22. Kg2 Qg5 $15) 21... Qd7 $17 22. d4 (22. Rfd1 Rac8 $17)
22... Ba6 23. Rc2 exd4 24. Nf4 $4 {leads to further unpleasantness} (24. Nxd4
$142 Bxf1 25. Kxf1 $17) 24... Bxf1 $19 25. Bxf1 Rxe4 26. Bb5 Re1+ 27. Kg2 Qf5
28. Bd3 Qd7 29. Bb5 Qe7 30. Bd3 (30. Qf3 {a fruitless try to alter the course
of the game} Qf6 $19) 30... Rb8 31. Bf5 g6 32. Bg4 (32. Bd3 {cannot change
destiny} Re8 $19) 32... h5 33. Bf3 Ra1 34. Re2 Qd7 (34... Qc7 $142 {and Black
can already relax} 35. Rc2 Bc3 36. Ra2 Rxa2 37. Qxa2 $19) 35. Qb2 (35. Qd3 {
there is nothing better in the position} Qc7 36. Rc2 $19) 35... Bc3 36. Qc2
Qxa4 37. Qe4 (37. Qd3 {desperation} Qa3 38. h4 $19) 37... Qd1 (37... Qd1 38.
Re1 Qxe1 (38... Bxe1 $6 39. Bxd1 Rxd1 40. Nxg6 $11) 39. Qxe1 Rxe1 $19) 0-1